<?xml version="1.0" encoding="UTF-8"?>
<record
    xmlns:xsi="http://www.w3.org/2001/XMLSchema-instance"
    xsi:schemaLocation="http://www.loc.gov/MARC21/slim http://www.loc.gov/standards/marcxml/schema/MARC21slim.xsd"
    xmlns="http://www.loc.gov/MARC21/slim">

  <leader>00899nam a22001817a 4500</leader>
  <controlfield tag="005">20120203105053.0</controlfield>
  <datafield tag="020" ind1=" " ind2=" ">
    <subfield code="c">100.00</subfield>
    <subfield code="a"> </subfield>
  </datafield>
  <datafield tag="035" ind1=" " ind2=" ">
    <subfield code="a">B-29612</subfield>
  </datafield>
  <datafield tag="037" ind1=" " ind2=" ">
    <subfield code="b"> </subfield>
    <subfield code="a">dpl</subfield>
  </datafield>
  <datafield tag="082" ind1=" " ind2=" ">
    <subfield code="a">025.04</subfield>
  </datafield>
  <datafield tag="100" ind1=" " ind2=" ">
    <subfield code="a">&#x926;&#x94D;&#x935;&#x93E;&#x930;&#x915;&#x93E;&#x92A;&#x94D;&#x930;&#x938;&#x93E;&#x926; &#x936;&#x93E;&#x938;&#x94D;&#x924;&#x94D;&#x930;&#x940;</subfield>
    <subfield code="9">40650</subfield>
  </datafield>
  <datafield tag="245" ind1="1" ind2=" ">
    <subfield code="a">&#x905;&#x928;&#x941;&#x935;&#x930;&#x94D;&#x923; &#x935;&#x93F;&#x937;&#x92F; &#x938;&#x942;&#x91A;&#x940; &#x926;&#x936;&#x92E;&#x932;&#x935; &#x914;&#x930; &#x915;&#x94B;&#x932;&#x928; &#x935;&#x930;&#x94D;&#x917;&#x93E;&#x902;&#x915;&#x94B;&#x902; &#x938;&#x939;&#x93F;&#x924; /</subfield>
    <subfield code="c">&#x926;&#x94D;&#x935;&#x93E;&#x930;&#x915;&#x93E;&#x92A;&#x94D;&#x930;&#x938;&#x93E;&#x926; &#x936;&#x93E;&#x938;&#x94D;&#x924;&#x94D;&#x930;&#x940;</subfield>
  </datafield>
  <datafield tag="260" ind1=" " ind2=" ">
    <subfield code="a">&#x907;&#x932;&#x93E;&#x939;&#x93E;&#x92C;&#x93E;&#x926;</subfield>
    <subfield code="b">&#x938;&#x93E;&#x939;&#x93F;&#x924;&#x94D;&#x92F; &#x92D;&#x935;&#x928;</subfield>
    <subfield code="c">2000</subfield>
  </datafield>
  <datafield tag="270" ind1=" " ind2=" ">
    <subfield code="a"> </subfield>
    <subfield code="b"> </subfield>
    <subfield code="e"> </subfield>
    <subfield code="k"> </subfield>
  </datafield>
  <datafield tag="300" ind1=" " ind2=" ">
    <subfield code="a">&#x935;&#x93F;.&#x92A;&#x943;.</subfield>
    <subfield code="c">22&#x938;&#x947;&#x92E;&#x940; (&#x938;&#x91C;&#x93F;&#x932;&#x94D;&#x926;)</subfield>
  </datafield>
  <datafield tag="942" ind1=" " ind2=" ">
    <subfield code="a">dpl</subfield>
    <subfield code="c">HN</subfield>
    <subfield code="k"> </subfield>
    <subfield code="2">ddc</subfield>
    <subfield code="h">025.4</subfield>
    <subfield code="m">&#x926;&#x94D;&#x935;&#x93E;&#x930;&#x915;&#x93E;</subfield>
  </datafield>
  <datafield tag="999" ind1=" " ind2=" ">
    <subfield code="c">61873</subfield>
    <subfield code="d">61873</subfield>
  </datafield>
  <datafield tag="952" ind1=" " ind2=" ">
    <subfield code="0">0</subfield>
    <subfield code="1">0</subfield>
    <subfield code="4">0</subfield>
    <subfield code="7">0</subfield>
    <subfield code="8">NFIC</subfield>
    <subfield code="a">ZLS</subfield>
    <subfield code="b">ZLS</subfield>
    <subfield code="d">2012-02-03</subfield>
    <subfield code="g">100.00</subfield>
    <subfield code="l">0</subfield>
    <subfield code="o">025.4 &#x926;&#x94D;&#x935;&#x93E;&#x930;&#x915;&#x93E;</subfield>
    <subfield code="p">B-29612</subfield>
    <subfield code="r">2012-02-03 00:00:00</subfield>
    <subfield code="v">100.00</subfield>
    <subfield code="w">2012-02-03</subfield>
    <subfield code="y">HN</subfield>
  </datafield>
</record>
